000 00452nam a22001697a 4500
003 OSt
005 20211123120505.0
008 211123b |||||||| |||| 00| 0 eng d
020 _a81-239-1031-2
040 _aDDC
_cHU
082 _23RD
_a616.0757
_b7
100 _aD.NOREEN CHESNEY
_920108
245 _aX-RAY EQUIPMENT FOR STUDENT RADIOGRAPHERS
250 _a3RD
260 _aNEW DELH
_bCBS PUBLISHERS AND DISTRIBUTORS
_c1987
942 _2ddc
_cBOOKS
_n0
999 _c19760
_d19760